| 000 | 00547nam a22001931c 4500 | ||
|---|---|---|---|
| 001 | a987689776 | ||
| 008 | 180420s2016 gw |||| 000u eng d | ||
| 020 |
_a9781474250658 _9978-1-4742-5065-8 |
||
| 041 | _aeng | ||
| 100 | 1 | _aHollander, Anne | |
| 245 | 0 | 0 |
_aSex and suits : _bthe evolution of modern dress / _cAnne Hollander |
| 264 |
_aLondon; Oxford; New York; New Delhi; Sydney : _bBloomsbury Academic, _c2016 |
||
| 300 | _a176 Seiten | ||
| 650 | 0 | _aKleidung | |
| 650 | 0 | _aMode | |
| 942 | _cMG | ||
| 040 | _cRU-10907106 | ||
| 003 | RU-10907106 | ||
| 999 |
_c51161 _d51161 |
||